[Event "XXX Roquetas de Mar Open 2019"]
[Site "Roquetas de Mar"]
[Date "2019.01.06"]
[Round "7"]
[White "Gascon Del Nogal, Jose Rafael"]
[Black "Sabuk, Piotr"]
[Result "0-1"]
[WhiteElo "2486"]
[BlackElo "2395"]
[Annotator "ChessBase"]
[PlyCount "58"]
[EventDate "2019.01.02"]
[EventType "swiss"]
[EventCountry "ESP"]
[SourceTitle "playchess.com"]
[Source "ChessBase"]
[SourceQuality "1"]
[TimeControl "5400+30"]

1. d4 {[%emt 0:02:17]} Nf6 {[%emt 0:00:11]} 2. c4 {[%emt 0:00:07]} e6 {[%emt 0:00:09]} 3. Nf3 {[%emt 0:00:06]} d5 {[%emt 0:02:38]} 4. e3 {[%emt 0:01:24]} c5 {[%emt 0:04:07]} 5. Nc3 {[%emt 0:01:14]} cxd4 {[%emt 0:01:12]} 6. exd4 {[%emt 0:00:13]} Bb4 {[%emt 0:01:23]} 7. cxd5 {[%emt 0:00:33]} Nxd5 {[%emt 0:03:10]} 8. Qc2 {[%emt 0:00:58]} Qc7 {[%emt 0:13:43]} 9. Bd2 {[%emt 0:01:33]} Be7 {[%emt 0:05:04]} 10. a3 {[%emt 0:06:32]} Nxc3 {[%emt 0:05:59]} 11. Bxc3 {[%emt 0:00:42]} Nd7 {[%emt 0:01:24]} 12. Bd3 {[%emt 0:01:37]} Nf6 {[%emt 0:01:09]} 13. O-O {[%emt 0:00:21]} O-O {[%emt 0:00:35]} 14. Rfe1 {[%emt 0:01:03]} g6 {[%emt 0:07:33]} 15. Ne5 {[%emt 0:02:30]} Nd5 {[%emt 0:03:16]} 16. g3 {[%emt 0:31:51]} b6 {[%emt 0:12:02]} 17. h4 {[%emt 0:00:42]} Bb7 {[%emt 0:00:31]} 18. h5 {[%emt 0:01:11]} Bf6 {[%emt 0:05:01]} 19. Ng4 {[%emt 0:06:41]} Bg7 {[%emt 0:00:37]} 20. h6 {[%emt 0:23:09]} Bh8 {[%emt 0:00:49]} 21. Ne5 {[%emt 0:09:13]} Rac8 {[%emt 0:01:14]} 22. Rac1 {[%emt 0:02:50]} Bf6 {[%emt 0:00:53]} 23. Qd2 {[%emt 0:00:32]} Qd8 {[%emt 0:07:14]} 24. Ng4 {[%emt 0:00:09]} Bg5 {[%emt 0:00:05]} 25. f4 {[%emt 0:00:08]} Bxf4 {[%emt 0:01:58]} 26. gxf4 {[%emt 0:00:06]} Qh4 {[%emt 0:00:03]} 27. Nh2 {[%emt 0:00:22]} Qg3+ {[%emt 0:03:05]} 28. Kf1 {[%emt 0:00:13]} Nxf4 {[%emt 0:00:18]} 29. Re3 {[%emt 0:00:38]} Bg2+ {[%emt 0:00:21]} 0-1

[Event "XXX Roquetas de Mar Open 2019"]
[Site "Roquetas de Mar"]
[Date "2019.01.06"]
[Round "7"]
[White "Pap, Misa"]
[Black "Dardha, Daniel"]
[Result "1-0"]
[WhiteElo "2481"]
[BlackElo "2337"]
[Annotator "ChessBase"]
[PlyCount "106"]
[EventDate "2019.01.02"]
[EventType "swiss"]
[EventCountry "ESP"]
[SourceTitle "playchess.com"]
[Source "ChessBase"]
[SourceQuality "1"]
[TimeControl "5400+30"]

1. e4 {[%emt 0:09:29]} c5 {[%emt 0:00:00]} 2. c3 {[%emt 0:00:47]} Nf6 {[%emt 0:00:00]} 3. e5 {[%emt 0:00:10]} Nd5 {[%emt 0:00:00]} 4. Nf3 {[%emt 0:00:14]} e6 {[%emt 0:00:33]} 5. d4 {[%emt 0:00:08]} cxd4 {[%emt 0:00:06]} 6. cxd4 {[%emt 0:00:05]} b6 {[%emt 0:00:06]} 7. Bd3 {[%emt 0:01:00]} Ba6 {[%emt 0:00:10]} 8. Nc3 {[%emt 0:06:37]} Nxc3 {[%emt 0:00:15]} 9. bxc3 {[%emt 0:00:05]} Bxd3 {[%emt 0:00:09]} 10. Qxd3 {[%emt 0:00:06]} Nc6 {[%emt 0:00:11]} 11. Ng5 {[%emt 0:19:53]} h6 {[%emt 0:38:36]} 12. Ne4 {[%emt 0:09:57]} d5 {[%emt 0:21:05]} 13. exd6 {[%emt 0:02:29]} f5 {[%emt 0:00:33]} 14. d5 {[%emt 0:11:32]} exd5 {[%emt 0:04:07]} 15. Qxd5 {[%emt 0:08:21]} Qd7 {[%emt 0:00:21]} 16. Ng3 {[%emt 0:00:39]} Bxd6 {[%emt 0:08:49]} 17. Nxf5 {[%emt 0:00:13]} Be5 {[%emt 0:00:14]} 18. Qxd7+ {[%emt 0:00:07]} Kxd7 {[%emt 0:00:06]} 19. Bd2 {[%emt 0:01:08]} Ke6 {[%emt 0:02:09]} 20. Ng3 {[%emt 0:00:53]} Rhd8 {[%emt 0:05:20]} 21. Ke2 {[%emt 0:05:35]} Na5 {[%emt 0:01:57]} 22. Rhd1 {[%emt 0:03:10]} Nc4 {[%emt 0:03:44]} 23. Be1 {[%emt 0:00:35]} b5 {[%emt 0:01:40]} 24. Rab1 {[%emt 0:00:34]} a6 {[%emt 0:03:37]} 25. Ne4 {[%emt 0:00:19]} Rxd1 {[%emt 0:00:12]} 26. Rxd1 {[%emt 0:00:21]} Rc8 {[%emt 0:00:05]} 27. Rb1 {[%emt 0:03:49]} Kf5 {[%emt 0:00:55]} 28. f3 {[%emt 0:00:20]} Bxh2 {[%emt 0:02:21]} 29. Bf2 {[%emt 0:00:15]} Be5 {[%emt 0:01:51]} 30. Rd1 {[%emt 0:00:05]} Rc7 {[%emt 0:02:52]} 31. Rd8 {[%emt 0:00:55]} Kg6 {[%emt 0:00:37]} 32. Rd5 {[%emt 0:01:43]} Re7 {[%emt 0:01:31]} 33. Kd3 {[%emt 0:00:52]} Rc7 {[%emt 0:00:08]} 34. Nc5 {[%emt 0:00:41]} Rc6 {[%emt 0:00:37]} 35. Bd4 {[%emt 0:03:27]} Bf6 {[%emt 0:00:49]} 36. Nd7 {[%emt 0:02:39]} Kf7 {[%emt 0:01:17]} 37. Nxf6 {[%emt 0:01:02]} gxf6 {[%emt 0:00:06]} 38. f4 {[%emt 0:00:17]} Ke6 {[%emt 0:00:57]} 39. Rh5 {[%emt 0:00:20]} Nb2+ {[%emt 0:00:51]} 40. Kc2 {[%emt 0:02:37]} Nc4 {[%emt 0:00:20]} 41. g4 {[%emt 0:00:57]} Kf7 {[%emt 0:00:42]} 42. Rxh6 {[%emt 0:00:28]} Re6 {[%emt 0:00:02]} 43. f5 {[%emt 0:01:21]} Re2+ {[%emt 0:00:21]} 44. Kd3 {[%emt 0:01:12]} Rxa2 {[%emt 0:01:01]} 45. Rxf6+ {[%emt 0:00:06]} Ke7 {[%emt 0:00:04]} 46. g5 {[%emt 0:00:31]} Rd2+ {[%emt 0:00:36]} 47. Ke4 {[%emt 0:00:08]} b4 {[%emt 0:00:43]} 48. Bc5+ {[%emt 0:00:07]} Kd7 {[%emt 0:00:11]} 49. cxb4 {[%emt 0:00:16]} Rg2 {[%emt 0:00:39]} 50. g6 {[%emt 0:00:13]} Rg4+ {[%emt 0:00:08]} 51. Kd5 {[%emt 0:00:23]} Nd2 {[%emt 0:01:04]} 52. Rxa6 {[%emt 0:01:06]} Ne4 {[%emt 0:00:40]} 53. Ra7+ {[%emt 0:00:09]} Kd8 {[%emt 0:00:07] Kxe4} 1-0

[Event "XXX Roquetas de Mar Open 2019"]
[Site "Roquetas de Mar"]
[Date "2019.01.06"]
[Round "7"]
[White "Nayhebaver, Martin"]
[Black "Sreeshwan Maralakshikari"]
[Result "1-0"]
[WhiteElo "2462"]
[BlackElo "2278"]
[Annotator "TA"]
[PlyCount "121"]
[EventDate "2019.01.02"]
[EventType "swiss"]
[EventCountry "ESP"]
[SourceTitle "playchess.com"]
[Source "ChessBase"]
[SourceQuality "1"]

{[%evp 16,121,22,15,20,15,30,16,22,32,35,4,35,32,52,50,54,55,57,60,78,68,89,83,93,83,96,68,102,75,118,105,114,67,112,106,77,92,106,104,119,48,118,27,11,8,48,48,48,48,48,48,49,50,50,58,83,81,80,72,72,72,134,134,130,129,132,116,133,135,122,125,160,177,245,197,246,238,426,380,422,445,433,427,504,497,1005,975,939,910,1051,1033,29977,1652,2253,2032,29975,5202,29980,29981,29981,29982,29981,29980,29980,29979,29984,29983]} 1. e4 c6 2. Nc3 d5 3. Nf3 dxe4 4. Nxe4 Nf6 5. Qe2 Nxe4 6. Qxe4 Qd5 {B11: Caro-Kann: Two Knights Variation} 7. Qf4 Qf5 8. d3 Qxf4 9. Bxf4 {LiveBook: 4 Games} Bf5 $146 ({Predecessor:} 9... Bg4 10. Be2 Nd7 11. h3 Bh5 12. d4 e6 13. O-O-O Be7 14. Rhe1 O-O 15. g4 Bg6 16. Ne5 Rfd8 17. Nxg6 hxg6 18. g5 b5 19. h4 Nb6 20. Bf3 Nd5 {½-½ (20) Antoniewski,R (2552)-Khenkin,I (2655) Germany 2012}) 10. O-O-O h6 11. h3 e6 12. g4 Bh7 13. Ne5 Nd7 14. Nc4 $36 {[%mdl 2048] White has the initiative.} Nb6 15. Nd6+ Bxd6 $1 16. Bxd6 Kd7 17. Bg3 Nc8 18. Bg2 Nd6 19. Rhe1 Rhe8 20. b3 f6 21. Kb2 Rac8 22. Re2 b6 23. d4 b5 24. Bf4 b4 25. a3 bxa3+ 26. Kxa3 a5 27. Kb2 a4 28. bxa4 (28. Bxd6 $1 $16 Kxd6 29. bxa4) 28... Ra8 {[#]} ({Black should play} 28... Rb8+ $1 $14 29. Kc3 Ra8) 29. Ra1 (29. Bxd6 $1 $16 Kxd6 30. Ka3) 29... Reb8+ $1 $11 30. Kc3 Rb6 31. Ree1 Rba6 $1 32. Reb1 Rxa4 33. Rxa4 Rxa4 34. Bxd6 $1 Kxd6 $14 {[%mdl 4096] Endgame KRB-KRB} 35. Rb6 Ra2 36. Rxc6+ Kd7 37. Kd2 Bg6 38. Rc5 f5 (38... Kd6 $142) 39. Bf1 $16 fxg4 40. hxg4 Be4 41. Be2 Kd6 42. f3 Bd5 43. Rc8 Bc6 44. Rg8 g5 (44... Ra3 {was worth a try.} 45. Rxg7 Bxf3 46. Bxf3 Rxf3) 45. Rg6 $18 Ra3 46. Bc4 Bd7 $2 (46... Bd5 {was called for.}) 47. Bb3 Ra8 48. Rxh6 Rf8 49. Ke3 Ke7 50. Rg6 Bc6 (50... Ra8 $142 51. Rxg5 Ba4 52. Bxa4 Rxa4) 51. Rxe6+ Kd7 52. d5 Ba8 53. c4 Rf7 54. c5 (54. Ba4+ $142 Kc7 55. d6+ Kb6 56. d7+ Kc7 57. Re8 Rxd7 58. Bxd7 Bb7 59. Bb5) 54... Rf8 55. Ba4+ Kc7 56. Re7+ (56. d6+ $142 Kb7 57. d7 Rd8 58. Re8 Kc7 {[#]} 59. c6 $1 {[%mdl 512]} Bxc6 {[%mdl 64] Remove Defender} 60. Bxc6 Rxd7 61. Bxd7) 56... Kd8 57. Ra7 {White mates.} Bxd5 58. Rd7+ {[%mdl 64] Double Attack} Kc8 59. Rxd5 Kc7 60. Rxg5 Kc8 61. Rg7 {Accuracy: White = 56%, Black = 27%.} 1-0

[Event "XXX Roquetas de Mar Open 2019"]
[Site "Roquetas de Mar"]
[Date "2019.01.06"]
[Round "7"]
[White "Larino Nieto, David"]
[Black "Garcia Moreno, Carlos"]
[Result "0-1"]
[WhiteElo "2432"]
[BlackElo "2269"]
[Annotator "TA"]
[PlyCount "136"]
[EventDate "2019.01.02"]
[EventType "swiss"]
[EventCountry "ESP"]
[SourceTitle "playchess.com"]
[Source "ChessBase"]
[SourceQuality "1"]

{[%evp 11,136,-21,-9,-81,-81,-86,-72,-101,-86,-89,-94,-89,-87,-81,-85,-85,-77,-98,-95,-147,-147,-247,-102,-128,-148,-260,-266,-268,-134,-124,-129,-141,-141,-139,-152,-161,-172,-172,-143,-139,-139,-145,-102,-102,-101,-131,-162,-146,-155,-133,-137,-181,-142,-135,-141,-145,-87,-143,-142,-142,-136,-137,-139,-131,-130,-137,-96,-100,-98,-92,-89,-85,-62,-71,-62,-60,-28,-147,-133,-171,-163,-212,-186,-167,-183,-265,-279,-279,-279,-270,-265,-276,-271,-262,-254,-409,-414,-463,-432,-705,-705,-695,-686,-674,-669,-958,-891,-1130,-1129,-1129,-1110,-1371,-1305,-1433,-1375,-1411,-1347,-4926,-4918,-29969,-29972,-6374,-5389,-29981,-29982,-29982,-29984]} 1. d4 Nf6 2. Nf3 e6 3. Nbd2 c5 4. e4 {[%cal Be2e4,Be4e5][%mdl 32]} d5 5. e5 Nfd7 6. c4 Nc6 {LiveBook: 31 Games. C05: French Tarrasch: 3...Nf6 4 e5 Nfd7, 5 f4 and 5 Bd3 sidelines} 7. Bd3 (7. cxd5 $11 exd5 8. Bd3) (7. cxd5 exd5 8. Bb5 Be7 9. O-O O-O 10. Re1 Qb6 11. Bf1 Re8 12. e6 fxe6 13. Rxe6 cxd4 14. Nc4 Qd8 15. Na3 Nc5 16. Re1 Ne4 17. Nc2 Bg4 18. h3 Bxf3 19. gxf3 {½-½ (44) Ginsburg,G (2514)-Vaganian,R (2600) Germany 2008}) 7... cxd4 $17 8. cxd5 Ndxe5 $146 {Black is better.} ({Predecessor:} 8... exd5 9. O-O Be7 10. Re1 {½-½ (10) Szkatula,L (2295)-Masternak,G (2390) Polanica Zdroj 1999}) 9. Nxe5 Nxe5 10. Bb5+ Bd7 11. Bxd7+ Qxd7 ({Of course not} 11... Kxd7 $6 12. O-O $11) 12. dxe6 Qxe6 13. O-O {Threatens to win with Re1.} O-O-O 14. Re1 {f4 is the strong threat.} Qd5 15. Qa4 ({White should try} 15. a3) 15... Kb8 $36 {[%mdl 2048] Black is in control.} 16. Nb3 (16. Qb3 $17 {might work better.}) 16... Nc6 (16... b5 $1 $19 {[%cal Rb5a4] has better winning chances.} 17. Qa6 Rd6 18. Rxe5 Qxe5) 17. Rd1 Bd6 18. Be3 {[#]} (18. Bd2 $17 {was called for.}) 18... Bxh2+ $1 $19 {[%mdl 512]} 19. Kxh2 Qh5+ (19... Qe5+ $19 20. Kh1 dxe3 21. Rxd8+ Rxd8 22. fxe3 g5) 20. Kg1 $17 dxe3 21. Rxd8+ Rxd8 22. Qf4+ Qe5 23. Qxe3 Qxe3 24. fxe3 {[%mdl 4096] Endgame KRN-KRN} b6 25. Kf2 Kb7 26. Ke2 f5 27. Rf1 Rd5 28. g4 fxg4 29. Rf7+ Ka6 30. Rxg7 Rh5 31. Kd3 Ne5+ 32. Ke4 Ng6 {And now ...g3 would win.} 33. Nd4 Re5+ 34. Kd3 g3 $1 {[%cal Bg4g3,Bg3g2][%mdl 32]} 35. Ke2 {[#]} g2 $1 {[%cal Rg2g1]} 36. Kf2 {[#]} Rxe3 $1 {[%mdl 512]} 37. Kxg2 {[#]} (37. Kxe3 g1=Q+) 37... Re7 $1 {[%cal Re7g7]} 38. Rg8 Re4 39. Rd8 Kb7 40. Kf3 Re7 41. Nf5 Rc7 42. b4 a6 43. Ke4 Ne7 44. Nd6+ (44. Nxe7 $11 Rxe7+ 45. Kd5) 44... Kc6 45. Nf7 Kb5 46. Rb8 Nc6 47. Nd6+ Kxb4 48. Ra8 (48. a3+ $142 Kxa3 49. Rxb6) 48... Kc5 49. Nf5 a5 50. a3 Rd7 51. Rg8 Kb5 52. Rg3 Ka4 53. Rc3 $2 (53. Rh3 {keeps fighting.}) 53... Na7 $19 54. Ne3 Nb5 55. Rc4+ (55. Rc1 $142) 55... Kb3 {White must now prevent ...Nd6+.} 56. Rc6 Nc3+ 57. Ke5 b5 58. Nf5 Rd5+ 59. Ke6 Rd3 60. Rc7 Kxa3 61. Nd6 Kb4 62. Rxh7 a4 {[%cal Ba5a4,Ba4a3,Ba3a2][%mdl 32]} 63. Nb7 Re3+ 64. Kd6 a3 65. Rh4+ Re4 66. Rh1 a2 67. Ra1 Rd4+ 68. Kc6 Rd1 {Accuracy: White = 43%, Black = 72%.} 0-1

[Event "XXX Roquetas de Mar Open 2019"]
[Site "Roquetas de Mar"]
[Date "2019.01.06"]
[Round "7"]
[White "Nguyen, Piotr"]
[Black "Nasuta, Grzegorz"]
[Result "1-0"]
[WhiteElo "2403"]
[BlackElo "2534"]
[Annotator "ChessBase"]
[PlyCount "53"]
[EventDate "2019.01.02"]
[EventType "swiss"]
[EventCountry "ESP"]
[SourceTitle "playchess.com"]
[Source "ChessBase"]
[SourceQuality "1"]
[TimeControl "5400+30"]

1. Nf3 {[%emt 0:00:00]} Nf6 {[%emt 0:00:00]} 2. b3 {[%emt 0:00:09]} c5 {[%emt 0:09:13]} 3. Bb2 {[%emt 0:02:18]} Nc6 {[%emt 0:01:29]} 4. c4 {[%emt 0:01:08]} e6 {[%emt 0:07:48]} 5. e3 {[%emt 0:06:45]} Be7 {[%emt 0:00:06]} 6. g3 {[%emt 0:12:19]} O-O {[%emt 0:05:25]} 7. Bg2 {[%emt 0:00:28]} d5 {[%emt 0:00:19]} 8. O-O {[%emt 0:01:07]} b6 {[%emt 0:17:40]} 9. Nc3 {[%emt 0:00:16]} Bb7 {[%emt 0:00:55]} 10. cxd5 {[%emt 0:00:50]} Nxd5 {[%emt 0:16:46]} 11. Nxd5 {[%emt 0:00:06]} Qxd5 {[%emt 0:00:06]} 12. d4 {[%emt 0:00:09]} Rad8 {[%emt 0:00:15]} 13. Ne5 {[%emt 0:01:13]} Qd6 {[%emt 0:01:05]} 14. dxc5 {[%emt 0:01:03]} Qxc5 {[%emt 0:01:59]} 15. Nd7 {[%emt 0:00:47]} Qg5 {[%emt 0:05:54]} 16. h4 {[%emt 0:00:59]} Qh6 {[%emt 0:00:24]} 17. Rc1 {[%emt 0:00:43]} Na5 {[%emt 0:22:55]} 18. Nxf8 {[%emt 0:20:44]} Bxg2 {[%emt 0:01:14]} 19. Kxg2 {[%emt 0:00:09]} Rxd1 {[%emt 0:00:06]} 20. Rfxd1 {[%emt 0:00:09]} Bxf8 {[%emt 0:00:06]} 21. Rc8 {[%emt 0:01:33]} Qh5 {[%emt 0:03:22]} 22. Ba3 {[%emt 0:06:24]} h6 {[%emt 0:00:09]} 23. Rxf8+ {[%emt 0:00:04]} Kh7 {[%emt 0:00:05]} 24. Rd7 {[%emt 0:00:16]} f6 {[%emt 0:02:05]} 25. Rxf6 {[%emt 0:01:26]} Qe5 {[%emt 0:00:07]} 26. Rff7 {[%emt 0:00:42]} Qe4+ {[%emt 0:00:06]} 27. Kh2 {[%emt 0:00:40]} 1-0

[Event "XXX Roquetas de Mar Open 2019"]
[Site "Roquetas de Mar"]
[Date "2019.01.06"]
[Round "7"]
[White "Arjun Kalyan"]
[Black "Maiorov, Nikita"]
[Result "1-0"]
[WhiteElo "2395"]
[BlackElo "2524"]
[Annotator "TA"]
[PlyCount "153"]
[EventDate "2019.01.02"]
[EventType "swiss"]
[EventCountry "ESP"]
[SourceTitle "playchess.com"]
[Source "ChessBase"]
[SourceQuality "1"]

{[%evp 32,153,17,18,18,10,27,18,23,22,22,28,25,14,18,18,53,32,49,64,475,54,52,62,58,51,66,67,66,25,9,40,70,74,114,114,114,114,114,114,114,114,114,114,131,107,118,98,148,153,146,154,142,170,159,164,147,145,168,142,190,180,186,194,207,187,247,237,404,302,507,497,479,384,390,392,390,385,383,381,366,349,548,535,541,535,617,614,722,723,6095,5691,2556,2392,1270,1169,29975,29976,29977,29978,29988,29979,29981,29965,29966,29967,29972,29973,29970,29966,29977,29978,29978,29975,29975,29976,29976,29977,29978,29979,29982,29979,29979,29980]} 1. e4 e5 2. Nf3 Nc6 3. Bb5 a6 4. Ba4 Nf6 5. O-O Be7 6. Re1 b5 7. Bb3 d6 8. c3 O-O 9. h3 Nb8 10. d4 Nbd7 11. c4 c6 12. Nc3 b4 {C95: Closed Ruy Lopez: Breyer Variation with 10 d4} 13. Ne2 Nxe4 14. Qc2 Nef6 (14... f5 15. c5+ d5 16. Be3 Kh8 17. Nxe5 Nxe5 18. dxe5 Bh4 19. g3 Bg5 20. Bxg5 Qxg5 {1-0 (46) Grandelius,N (2652)-Amin,B (2700) Sharjah 2018}) 15. Ng3 c5 16. dxe5 Nxe5 17. Nxe5 {LiveBook: 3 Games} dxe5 18. Rxe5 Bd6 19. Re2 Qc7 {[#]} 20. Bg5 $146 ({Predecessor:} 20. Nf5) 20... Bxg3 21. fxg3 Qxg3 22. Bxf6 $1 gxf6 23. Rf1 Qg6 24. Re3 Qxc2 25. Bxc2 {Rg3+ is the strong threat.} Be6 $2 {[%mdl 8192]} (25... Rd8 $1 $14) 26. Rxf6 $2 (26. Rg3+ $1 $18 Kh8 27. Bxh7 $1 {[%mdl 512]} (27. Rxf6 Rg8 $14)) 26... Rfd8 $14 27. Rg3+ Kf8 $1 28. b3 Ke7 29. Rf2 $1 h6 30. Bf5 Rd1+ 31. Kh2 Re1 32. Bxe6 Rxe6 {[%mdl 4096] Endgame KRR-KRR} 33. Rgf3 f6 34. Rf5 Rc6 35. Rh5 Rh8 36. Re2+ Kf7 37. Rd5 h5 38. h4 Kg6 39. Re7 Ra8 40. Kg3 Rcc8 41. Re6 a5 42. Red6 a4 43. Rg5+ $1 Kf7 44. Rxh5 axb3 45. axb3 Ra2 46. Rh7+ Kg6 47. Re7 Rc2 48. Re3 Rc3 (48... Rg8 {keeps fighting.} 49. Kf3 Rc1) 49. Rf3 $18 Rxf3+ $2 (49... Rf8 {might work better.} 50. Rc6 Rxf3+ 51. gxf3 Rd8 52. h5+ (52. Rxc5 Rd3 $18) 52... Kg7 53. Rxc5 Rd3) 50. Kxf3 {KR-KR} Ra8 $2 (50... Rh8 51. Kg4 Ra8 52. h5+ Kg7) 51. g4 Kf7 52. Kf4 Ra1 53. Rd7+ Ke6 54. Rd3 Rf1+ 55. Rf3 Rh1 56. h5 {[%cal Bh4h5,Bh5h6][%mdl 32]} Rd1 (56... Kf7 $142 57. Rd3 Rf1+ 58. Rf3 Rh1) 57. Re3+ Kf7 {[#]} 58. Rh3 $1 Kg7 59. Kf5 Rf1+ 60. Ke6 Rc1 61. h6+ Kh7 62. Kxf6 Rc3 63. Rh5 Rxb3 64. Rxc5 {White mates.} Rf3+ 65. Kg5 Rf7 66. Rb5 Rc7 67. Rxb4 Rc5+ 68. Kf6 Kxh6 69. Ke6 Rg5 70. Rb1 Rxg4 71. c5 {[%cal Bc4c5,Bc5c6][%mdl 32]} Kg6 72. Rf1 Re4+ 73. Kd6 Rd4+ 74. Kc7 Rd2 75. c6 Kg7 76. Kb7 Rb2+ 77. Kc8 {Accuracy: White = 79%, Black = 33%.} 1-0

[Event "XXX Roquetas de Mar Open 2019"]
[Site "Roquetas de Mar"]
[Date "2019.01.06"]
[Round "7"]
[White "Bernabeu Lopez, Carlos Javier"]
[Black "Franco Ocampos, Zenon"]
[Result "0-1"]
[WhiteElo "2344"]
[BlackElo "2477"]
[Annotator "RC"]
[PlyCount "68"]
[EventDate "2019.01.02"]
[EventType "swiss"]
[EventCountry "ESP"]
[SourceTitle "playchess.com"]
[Source "ChessBase"]
[SourceQuality "1"]
[TimeControl "5400+30"]

1. e4 {[%emt 0:00:00]} c5 {[%emt 0:00:00]} 2. Nf3 {[%emt 0:00:00]} Nc6 {[%emt 0:00:00]} 3. d4 {[%emt 0:00:00]} cxd4 {[%emt 0:00:00]} 4. Nxd4 {[%emt 0:00:00]} e6 {[%emt 0:00:00]} 5. Nxc6 {[%emt 0:01:02]} bxc6 {[%emt 0:00:17]} 6. Bd3 {[%emt 0:00:18]} Bc5 {[%emt 0:00:32]} 7. O-O {[%emt 0:01:00]} Ne7 {[%emt 0:00:38]} 8. Nc3 {[%emt 0:06:56]} O-O {[%emt 0:01:40]} 9. Qh5 {[%emt 0:02:47]} f5 {[%emt 0:02:39]} 10. exf5 {[%emt 0:02:52]} Nxf5 {[%emt 0:07:06]} 11. Ne4 {[%emt 0:02:57]} g6 {[%emt 0:03:37]} 12. Qg4 {[%emt 0:06:26]} Be7 {[%emt 0:00:07]} 13. Ng3 {[%emt 0:01:24]} Kh8 {[%emt 0:07:16]} 14. Re1 {[%emt 0:07:17]} d6 {[%emt 0:03:47]} 15. Nxf5 {[%emt 0:01:34]} gxf5 {[%emt 0:01:05]} 16. Qh5 {[%emt 0:00:26]} Rb8 {[%emt 0:05:58]} 17. b3 {[%emt 0:06:22]} Bf6 {[%emt 0:00:46]} 18. Rb1 {[%emt 0:04:17]} e5 {[%emt 0:05:24]} 19. Bh6 {[%emt 0:01:42]} Bg7 {[%emt 0:00:24]} 20. Bg5 {[%emt 0:01:07]} Qe8 {[%emt 0:06:01]} 21. Qh4 {[%emt 0:08:31]} Rb7 {[%emt 0:04:42]} 22. Ba6 {[%emt 0:03:09]} Rbf7 {[%emt 0:00:08]} 23. Bxc8 {[%emt 0:00:07]} Qxc8 {[%emt 0:00:04]} 24. Be7 {[%emt 0:00:46]} Bf6 {[%emt 0:00:14]} 25. Bxf6+ {[%emt 0:00:03]} Rxf6 {[%emt 0:00:02]} 26. Rbd1 {[%emt 0:00:59]} Qc7 {[%emt 0:01:26]} 27. Qc4 {[%emt 0:01:13]} Rg6 {[%emt 0:02:03]} 28. Rd3 {[%emt 0:00:58]} d5 {[%emt 0:03:51]} 29. Rxd5 {[%emt 0:05:10]} Qg7 {[%emt 0:01:14]} 30. Rdxe5 {[%emt 0:00:41]} Rxg2+ {[%emt 0:00:11]} 31. Kh1 {[%emt 0:00:27]} Rg8 {[%emt 0:07:59]} 32. Qf1 {[%emt 0:00:26]} Qg4 {[%emt 0:02:21]} 33. R5e3 {[%emt 0:02:06]} f4 {[%emt 0:01:03]} 34. Rg3 {[%emt 0:00:26]} Rxh2+ {[%emt 0:00:23]} 0-1

[Event "XXX Roquetas de Mar Open 2019"]
[Site "Roquetas de Mar"]
[Date "2019.01.06"]
[Round "7"]
[White "Oglaza, Oskar"]
[Black "Kantor, Gergely"]
[Result "1/2-1/2"]
[WhiteElo "2320"]
[BlackElo "2514"]
[Annotator "ChessBase"]
[PlyCount "60"]
[EventDate "2019.01.02"]
[EventType "swiss"]
[EventCountry "ESP"]
[SourceTitle "playchess.com"]
[Source "ChessBase"]
[SourceQuality "1"]
[TimeControl "5400+30"]

1. e4 {[%emt 0:00:05]} e5 {[%emt 0:00:00]} 2. Nf3 {[%emt 0:00:05]} Nc6 {[%emt 0:00:00]} 3. d4 {[%emt 0:00:10]} exd4 {[%emt 0:00:00]} 4. Nxd4 {[%emt 0:00:04]} Nf6 {[%emt 0:00:00]} 5. Nxc6 {[%emt 0:00:05]} bxc6 {[%emt 0:00:00]} 6. e5 {[%emt 0:00:13]} Qe7 {[%emt 0:00:14]} 7. Qe2 {[%emt 0:00:09]} Nd5 {[%emt 0:00:10]} 8. c4 {[%emt 0:00:16]} Ba6 {[%emt 0:00:13]} 9. Nd2 {[%emt 0:00:50]} g6 {[%emt 0:11:15]} 10. Nf3 {[%emt 0:01:02]} Bg7 {[%emt 0:02:24]} 11. Bg5 {[%emt 0:00:58]} Qb4+ {[%emt 0:00:43]} 12. Qd2 {[%emt 0:01:27]} Qxd2+ {[%emt 0:03:55]} 13. Bxd2 {[%emt 0:00:18]} Nb6 {[%emt 0:07:02]} 14. b3 {[%emt 0:00:32]} d6 {[%emt 0:03:35]} 15. O-O-O {[%emt 0:00:52]} d5 {[%emt 0:08:31]} 16. cxd5 {[%emt 0:09:01]} Bxf1 {[%emt 0:00:05]} 17. Rhxf1 {[%emt 0:00:19]} cxd5 {[%emt 0:00:17]} 18. Be3 {[%emt 0:07:20]} c6 {[%emt 0:01:23]} 19. Kb1 {[%emt 0:06:42]} Rb8 {[%emt 0:12:15]} 20. Rc1 {[%emt 0:04:31]} Kd7 {[%emt 0:00:56]} 21. Bd4 {[%emt 0:00:10]} Rhg8 {[%emt 0:02:27]} 22. Rfe1 {[%emt 0:01:28]} Rbc8 {[%emt 0:02:52]} 23. Ng5 {[%emt 0:03:50]} Bh6 {[%emt 0:01:52]} 24. Nxf7 {[%emt 0:00:14]} Bxc1 {[%emt 0:02:30]} 25. e6+ {[%emt 0:00:04]} Ke7 {[%emt 0:02:20]} 26. Bc5+ {[%emt 0:00:04]} Kf6 {[%emt 0:00:15]} 27. Bd4+ {[%emt 0:00:05]} Ke7 {[%emt 0:00:21]} 28. Bc5+ {[%emt 0:00:04]} Kf6 {[%emt 0:00:13]} 29. Bd4+ {[%emt 0:00:07]} Ke7 {[%emt 0:00:41]} 30. Bc5+ {[%emt 0:00:03]} Kf6 {[%emt 0:00:04]} 1/2-1/2